Les 10 meilleurs joueurs de EA FC 25 par catégories - Statistiques

Statistiques générales
  • Ce quiz a été pris 1 013 fois
  • Le résultat moyen est 43 sur 60
Statistiques - réponses
Hint Réponse % Correct
1 BU 91 KYLIAN MBAPPÉ Paris SG 97
100%
3 BU 91 KYLIAN MBAPPÉ Paris SG 90
100%
3 BU 91 KYLIAN MBAPPÉ Paris SG 92
100%
4 AG 90 VINICIUS Jr. Real Madrid 95
93%
5 AG 90 VINICIUS Jr. Real Madrid 91
93%
2 BU 91 ERLING HAALAND Manchester City 92
89%
9 BU 91 ERLING HAALAND Manchester City 88
89%
3 DG 82 ALPHONSO DAVIES Bayern Munich 95
87%
7 BU 86 CRISTIANO RONALDO Al Nassr 88
87%
1 BU 90 HARRY KANE Bayern Munich 93
87%
6 DG 87 THEO HERNANDEZ AC Milan 95
87%
5 DG 87 THEO HERNANDEZ AC Milan 89
87%
6 BU 87 HEUNG MIN SON Tottenham 89
84%
9 BU 88 ROBERT LEWANDOWSKI FC Barcelone 88
84%
5 G 89 THIBAUT COURTOIS Real Madrid 89
84%
7 G 89 THIBAUT COURTOIS Real Madrid 90
84%
7 G 89 THIBAUT COURTOIS Real Madrid 88
84%
1 MC 90 KEVIN DE BRUYNE Manchester City 94
83%
4 AD 88 LIONEL MESSI Inter Miami 92
83%
8 AG 86 RAFAEL LEAO AC Milan 94
83%
8 BU 88 ANTOINE GRIEZMANN Atletico Madrid 88
82%
2 G 88 EDERSON Manchester City 91
82%
4 G 88 JAN OBLAK Atletico Madrid 90
81%
10 BU 89 LAUTARO MARTINEZ Inter Milan 88
81%
4 G 86 MANUEL NEUER Bayern Munich 90
81%
6 G 89 MARC-ANDRÉ TER STEGEN FC Barcelone 89
81%
6 G 89 MARC-ANDRÉ TER STEGEN FC Barcelone 91
81%
5 MDC 91 RODRI Manchester City 87
80%
1 DC 87 MARQUINHOS Paris SG 89
79%
8 G 89 GIANLUIGI DONNARUMMA Paris SG 90
78%
10 MC 86 LUKA MODRIC Real Madrid 88
78%
2 AG 87 NEYMAR Jr. Al Hilal 92
78%
3 DC 89 VIRGIL VAN DIJK Liverpool 89
78%
7 MOC 87 BRUNO FERNANDES Manchester United 88
77%
2 MG 79 KARIM ADEYEMI Borussia Dortmund 96
77%
5 MC 89 MARTIN ØDEGAARD Arsenal 89
77%
3 DD 86 TRENT ALEXANDER-ARNOLD Liverpool 90
76%
6 DC 87 WILLIAM SALIBA Arsenal 87
76%
1 MC 88 BERNARDO SILVA Manchester City 92
75%
9 DD 86 JOSHUA KIMMICH Bayern Munich 88
75%
9 AD 88 PHIL FODEN Manchester City 90
75%
2 DC 88 RUBEN DIAS Manchester City 89
75%
3 G 89 ALISSON Liverpool 90
74%
10 MOC 87 JAMAL MUSIALA Bayern Munich 90
73%
9 DD 85 JULES KOUNDÉ FC Barcelone 86
72%
8 DC 86 GABRIEL Arsenal 86
69%
1 BU 84 VIKTOR GYOKERES Sporting CP 91
68%
4 DC 87 ALESSANDRO BASTONI Inter Milan 87
65%
8 MG 86 GRIMALDO Bayer Leverkusen 88
61%
5 MD 83 MOUSSA DIABY Al Ittihad 95
61%
8 DD 82 DENZEL DUMFRIES Inter Milan 88
48%
10 DC 84 BENJAMIN PAVARD Inter Milan 86
46%
7 DC 84 FRANCESCO ACERBI Inter Milan 86
46%
4 MC 82 JOELINTON Newcastle United 89
36%
2 MDC 85 PALHINHA Bayern Munich 90
35%
7 MD 74 YANKUBA MINTEH Brighton 95
13%
6 DC 78 JOSEPH AIDOO Celta Vigo 88
7%
10 AG 72 KEVIN SCHADE Brentford 94
7%
10 BU 77 VINCENT JANSSEN Royal Antwerp 88
7%
9 MD 68 NESTORY IRANKUNDA Bayern Munich 94
5%
Aucun quiz correspondant
Distribution des résultats
% des personnes avec chaque résultat
Percentile par nombre de réponses
Votre historique - résultats
Vous n’avez pas pris ce quiz